|
|
|
|
| LEADER |
00721nam a22002057a 4500 |
| 003 |
GR-PaULI |
| 005 |
20210117210501.0 |
| 007 |
ta |
| 008 |
171019s2016 xxu||||f |||| 000 0 eng d |
| 020 |
|
|
|a 9789079754861
|
| 040 |
|
|
|a GR-PaULI
|b gre
|c GR-PaULI
|e AACR2
|
| 060 |
|
|
|a WJ 18.2
|
| 245 |
0 |
0 |
|a European Association of Urology pockte guidelines.
|
| 260 |
|
|
|a [χ. τ. ] :
|b European Association of Urology,
|c 2016.
|
| 300 |
|
|
|a 364 σ. ;
|c 15 εκ.
|
| 650 |
|
0 |
|9 44387
|a Ουρολογία
|x Εκπαίδευση
|
| 942 |
|
|
|2 nlm
|c BK15
|
| 952 |
|
|
|0 0
|1 0
|2 nlm
|4 0
|6 WJ_182
|7 0
|9 216477
|a MEDI
|b MEDI
|d 2017-10-19
|i 370
|l 0
|o WJ 18.2
|p 025000174501
|r 2017-10-19 00:00:00
|t 1
|y BK15
|z Δωρεά
|
| 998 |
|
|
|c ΜΑΝΙΑΚΗ
|d 2017
|
| 999 |
|
|
|c 131288
|d 131288
|